000 00796nam a22002297a 4500
005 20240530110413.0
008 150225s2009 ua g 000 0 ara d
017 _a2008/7977
_bمصر . دار الكتب المصرية
020 _a9773501892
040 _aEG-CaGPL
041 0 _aara
082 0 4 _221
_a953.072\
_bم م
100 0 _aمحمد حسن العيدروس
245 1 2 _aالمغرب العربى فى العصر الاسلامى /
_cمحمد حسن العيدروس
250 _aط1
260 _aالقاهرة :
_bدار الكتاب الحديث ،
_c2009
300 _a693 ص ؛
_c24 سم
651 0 4 _aالمغرب العربى
651 0 4 _aالمغرب
_xتاريخ
_yالعصر الاسلامى
942 _2ddc
_cBK
999 _c60502
_d60502